[Event "Int. StuttgarterStadtmeisterschaft C"]
[Site "Ditzingen"]
[Date "2019.06.01"]
[Round "6.14"]
[White "KÃ¤fer, Hermann"]
[Black "Aird, David"]
[Result "1-0"]
[WhiteElo "1337"]
[BlackElo "1129"]
[PlyCount "117"]
[EventDate "2019.??.??"]
[WhiteTeam "SC Ostfildern"]
[BlackTeam "SV Stuttgart-Wolfbusch"]

1. c4 c5 2. Nc3 g6 3. b3 Bg7 4. Bb2 d6 5. Nf3 Nf6 6. e3 O-O 7. d4 Nbd7 8. Bd3
Nb6 9. h3 Bd7 10. Qc2 Qc8 11. d5 e6 12. e4 exd5 13. cxd5 Re8 14. Nb5 Bxb5 15.
Bxb5 Re7 16. Bd3 Nbxd5 17. O-O Nf4 18. Bxf6 Bxf6 19. Rad1 Bd4 20. Nxd4 cxd4 21.
Qxc8+ Rxc8 22. Rfe1 Ne6 23. Bc4 Rc6 24. g3 Ng5 25. Kg2 Rxe4 26. Rxe4 Nxe4 27.
Bd5 Nc3 28. Rxd4 Nxd5 29. Rxd5 Kg7 30. b4 Kf6 31. b5 Rb6 32. a4 a5 33. Kf3 Ke6
34. Ke4 f6 35. g4 g5 36. f3 h6 37. Rf5 d5+ 38. Rxd5 Rd6 39. Rxd6+ Kxd6 40. Kf5
Ke7 41. f4 gxf4 42. Kxf4 Ke6 43. h4 Kf7 44. Kf5 b6 45. h5 Kg7 46. Ke6 f5 47.
Kxf5 Kf7 48. g5 hxg5 49. Kxg5 Kg7 50. Kf5 Kf7 51. Ke5 Kg7 52. Kd6 Kh6 53. Kc6
Kxh5 54. Kxb6 Kg6 55. Kc7 Kf6 56. b6 Ke6 57. b7 Kd5 58. b8=Q Kd4 59. Kd6 1-0

[Event "Int. StuttgarterStadtmeisterschaft C"]
[Site "Ditzingen"]
[Date "2019.06.01"]
[Round "6.15"]
[White "Winterstein, Tim"]
[Black "Polarczyk, Thomas"]
[Result "1-0"]
[WhiteElo "1266"]
[BlackElo "1326"]
[PlyCount "95"]
[EventDate "2019.??.??"]
[WhiteTeam "SV Dettingen Erms"]
[BlackTeam "SV Leonberg"]

1. c4 Nf6 2. g3 g6 3. Bg2 c5 4. Nc3 Nc6 5. d3 Bg7 6. e4 e5 7. Nge2 d6 8. a3 Bg4
9. Rb1 Nd4 10. Qa4+ Qd7 11. Qxd7+ Kxd7 12. Nxd4 cxd4 13. Nd5 Nxd5 14. exd5 Bf5
15. Ke2 Rae8 16. f3 Kc7 17. h4 h5 18. b4 Bd7 19. Kd1 Ba4+ 20. Kd2 f5 21. b5 a6
22. Rb4 axb5 23. cxb5 Ra8 24. Ke2 Kd7 25. Bb2 Bh6 26. Bc1 Bxc1 27. Rxc1 Rhc8
28. Rxc8 Kxc8 29. f4 exf4 30. gxf4 Ra5 31. b6 Be8 32. Rxd4 Rxa3 33. Rc4+ Kd8
34. Rc7 Bb5 35. Rxb7 Bxd3+ 36. Kf2 Rb3 37. Rg7 Rxb6 38. Rxg6 Rb2+ 39. Ke3 Rb3
40. Rxd6+ Ke7 41. Re6+ Kd7 42. Kd4 Bb1 43. Bf1 Rb4+ 44. Kc5 Re4 45. Bb5+ Kd8
46. Rh6 Ba2 47. Rh8+ Ke7 48. d6+ 1-0

[Event "Int. StuttgarterStadtmeisterschaft C"]
[Site "Ditzingen"]
[Date "2019.06.01"]
[Round "6.16"]
[White "Wippermann, Tim"]
[Black "Hoffmann, Simon"]
[Result "0-1"]
[WhiteElo "908"]
[BlackElo "1285"]
[PlyCount "46"]
[EventDate "2019.??.??"]
[WhiteTeam "SF Freiberg"]
[BlackTeam "Schach-Kids Bernhausen"]

1. e4 c5 2. Nf3 d6 3. d4 cxd4 4. Nxd4 Nf6 5. Nc3 g6 6. Bb5+ Nbd7 7. Qe2 Bg7 8.
O-O O-O 9. Bc4 a6 10. a4 Ne5 11. b4 Qc7 12. Bxf7+ Rxf7 13. Nd5 Nxd5 14. exd5
Qc4 15. Qd2 Nf3+ 16. Nxf3 Bxa1 17. Qh6 Bg7 18. Qd2 b5 19. a5 Bc3 20. Qh6 Bg7
21. Qd2 Bf5 22. Qe3 Qxd5 23. Ng5 Bh6 0-1

[Event "Int. StuttgarterStadtmeisterschaft C"]
[Site "Ditzingen"]
[Date "2019.06.01"]
[Round "6.17"]
[White "Koch, Steffen"]
[Black "Herbst, Karin"]
[Result "0-1"]
[WhiteElo "998"]
[BlackElo "1410"]
[PlyCount "118"]
[EventDate "2019.??.??"]
[WhiteTeam "SF Nabern"]
[BlackTeam "Zentrumsbauer Stuttgart"]

1. d4 d5 2. Nf3 c6 3. Bf4 Nf6 4. e3 Bg4 5. Nbd2 e6 6. c3 Nbd7 7. Bd3 c5 8. Bg3
cxd4 9. exd4 Be7 10. Qc2 h6 11. Ne5 Bh5 12. f4 Nxe5 13. fxe5 Ng4 14. Bb5+ Kf8
15. Nf1 Bg6 16. Bd3 Bxd3 17. Qxd3 h5 18. O-O-O g6 19. Kb1 a6 20. Nd2 Rc8 21.
Nf3 Qb6 22. Rd2 Kg7 23. Bh4 Qd8 24. g3 Nh6 25. Bxe7 Qxe7 26. h4 Rhf8 27. Ng5
Ng4 28. Nh3 f6 29. Nf2 f5 30. a3 b5 31. Rc2 Qd7 32. Rd2 Qc6 33. Rc2 Qb7 34. Qd2
a5 35. Nh3 Rfe8 36. Qg5 Qe7 37. Nf2 Qxg5 38. hxg5 Rf8 39. b4 a4 40. Nh3 Ne3 41.
Nf4 Kf7 42. Kb2 Rc6 43. Rch2 Rfc8 44. Ne2 Nc4+ 45. Ka2 Nd2 46. Kb2 Ne4 47. Rg1
Nxg5 48. Rhg2 Nf3 49. Rc1 Nd2 50. Nf4 Ne4 51. Nd3 Rxc3 52. Nc5 Rxg3 53. Rxg3
Nxg3 54. Re1 h4 55. Nd3 Rc4 56. Nf2 Rxd4 57. Kc3 Rf4 58. Nd3 Rf3 59. Rd1 h3 0-1

[Event "Int. StuttgarterStadtmeisterschaft C"]
[Site "Ditzingen"]
[Date "2019.06.01"]
[Round "6.18"]
[White "Bitzel, Hubert"]
[Black "Reichardt, Felix Alexander"]
[Result "1/2-1/2"]
[WhiteElo "1459"]
[BlackElo "1162"]
[PlyCount "50"]
[EventDate "2019.??.??"]
[WhiteTeam "TSF Ditzingen"]
[BlackTeam "SF MarkgrÃ¤flerland e."]

1. e4 e6 2. d4 c5 3. c3 d5 4. e5 Nc6 5. Bb5 Bd7 6. a4 Nb8 7. Be3 c4 8. Nd2 a6
9. Bxd7+ Nxd7 10. b4 b5 11. a5 g6 12. h3 Bh6 13. Qf3 Bxe3 14. fxe3 f5 15. Ne2
Qh4+ 16. g3 Qe7 17. O-O O-O-O 18. Nf4 Nh6 19. Nxd5 exd5 20. Qxd5 Nb8 21. Qg2
Nf7 22. h4 Nxe5 23. dxe5 Qxe5 24. Qf2 Qxc3 25. Rfd1 Qxb4 1/2-1/2

[Event "Int. StuttgarterStadtmeisterschaft C"]
[Site "Ditzingen"]
[Date "2019.06.01"]
[Round "6.19"]
[White "Gavagan, Thomas"]
[Black "Stockburger, Marius"]
[Result "1-0"]
[WhiteElo "984"]
[BlackElo "1332"]
[PlyCount "29"]
[EventDate "2019.??.??"]
[WhiteTeam "SK Wernau"]
[BlackTeam "SF Freiberg"]

1. d4 Nf6 2. c4 Nc6 3. d5 Ne5 4. e3 e6 5. Nc3 Bb4 6. Bd2 d6 7. Qa4+ Bd7 8. Qxb4
Nfg4 9. f3 Qh4+ 10. g3 Qf6 11. f4 O-O 12. h3 Nf2 13. Kxf2 exd5 14. Nxd5 Qf5 15.
Ne7+ 1-0

[Event "Int. StuttgarterStadtmeisterschaft C"]
[Site "Ditzingen"]
[Date "2019.06.01"]
[Round "6.20"]
[White "Reichmann, Bernd"]
[Black "Drianis, Anton"]
[Result "1/2-1/2"]
[WhiteElo "1146"]
[BlackElo "1308"]
[PlyCount "63"]
[EventDate "2019.??.??"]
[WhiteTeam "SV Fellbach"]
[BlackTeam "SK e4 Gerlingen"]

1. e4 e6 2. d4 d5 3. e5 c5 4. c3 Bd7 5. Nf3 Nc6 6. Bb5 Be7 7. Bxc6 Bxc6 8. Nbd2
f6 9. Nb3 Ba4 10. Qe2 Qc7 11. O-O a6 12. Re1 Bb5 13. Qd2 Nh6 14. Nxc5 Bxc5 15.
dxc5 O-O 16. exf6 Rxf6 17. Qe3 Ng4 18. Qd4 Nh6 19. Be3 Raf8 20. Qe5 Qc8 21. Qd4
Nf5 22. Qd2 Rg6 23. Ne5 Rxg2+ 24. Kxg2 Nh4+ 25. Kg3 Nf5+ 26. Kg2 Nh4+ 27. Kh1
d4 28. h3 dxe3 29. Qxe3 Nf5 30. Qd2 Nh4 31. Qd4 Nf5 32. Qd2 1/2-1/2

[Event "Int. StuttgarterStadtmeisterschaft C"]
[Site "Ditzingen"]
[Date "2019.06.02"]
[Round "7.1"]
[White "Schmidt, Victor"]
[Black "Kandler, Christoph"]
[Result "1-0"]
[WhiteElo "1461"]
[BlackElo "1385"]
[PlyCount "119"]
[EventDate "2019.??.??"]
[WhiteTeam "SK e4 Gerlingen"]
[BlackTeam "SF Nabern"]

1. d4 e6 2. c4 b6 3. Nf3 Bb7 4. e3 Bb4+ 5. Bd2 Nc6 6. Be2 Nf6 7. a3 Bxd2+ 8.
Nbxd2 O-O 9. O-O d5 10. b4 Ne7 11. c5 Ne4 12. Qc2 a5 13. Bd3 f5 14. Ne5 Nxd2
15. Qxd2 Nc6 16. f4 Nxe5 17. fxe5 Ba6 18. Bxa6 Rxa6 19. b5 Ra8 20. c6 Rf7 21.
a4 Qg5 22. Qf2 Raf8 23. Qf4 Qe7 24. g3 h6 25. h4 g5 26. hxg5 hxg5 27. Qf3 f4
28. exf4 gxf4 29. gxf4 Qg5+ 30. fxg5 Rxf3 31. Kg2 Rxf1 32. Rxf1 Rxf1 33. Kxf1
Kg7 34. Kg2 Kg6 35. Kf3 Kxg5 36. Kg3 Kh5 37. Kf3 Kh4 38. Kf4 Kh5 39. Kf3 Kg5
40. Kg3 Kf5 41. Kh4 Ke4 42. Kg5 Kxd4 43. Kf6 Kc5 44. Kxe6 d4 45. Kf7 d3 46. e6
d2 47. e7 d1=Q 48. e8=Q Qh5+ 49. Ke7 Qe5+ 50. Kd8 Qd6+ 51. Qd7 Qf8+ 52. Kxc7
Qa8 53. Qc8 Qxc8+ 54. Kxc8 Kb4 55. Kb7 Kxa4 56. Kxb6 Kb4 57. c7 a4 58. c8=Q a3
59. Qf8+ Kb3 60. Qxa3+ 1-0

[Event "Int. StuttgarterStadtmeisterschaft C"]
[Site "Ditzingen"]
[Date "2019.06.02"]
[Round "7.2"]
[White "Ropertz, Benjamin"]
[Black "Izquierdo, Antonio"]
[Result "1-0"]
[WhiteElo "1260"]
[BlackElo "1409"]
[PlyCount "149"]
[EventDate "2019.??.??"]
[WhiteTeam "TSF Ditzingen"]
[BlackTeam "TSF Ditzingen"]

1. b4 e5 2. Bb2 Bxb4 3. Bxe5 Nf6 4. c4 Nc6 5. Bb2 d6 6. Nf3 Be6 7. e3 Qd7 8.
Be2 Na5 9. Qc2 Qc6 10. a3 Bc5 11. d4 Bb6 12. Nbd2 a6 13. Bd3 Qd7 14. Nb3 Nxb3
15. Qxb3 Ba5+ 16. Bc3 Bxc3+ 17. Qxc3 h6 18. Rb1 b6 19. Qc2 O-O 20. h3 Rab8 21.
d5 Nxd5 22. cxd5 Bxd5 23. Bxa6 b5 24. O-O Bxf3 25. gxf3 Rb6 26. Bxb5 Rxb5 27.
Rxb5 Qxb5 28. Qxc7 Qc5 29. Qxc5 dxc5 30. Rc1 Rc8 31. Kf1 Ra8 32. Rc3 g6 33. Ke2
Ra4 34. f4 c4 35. Kf3 f5 36. e4 Kf7 37. e5 Ke6 38. Ke3 Kd5 39. h4 h5 40. f3 Kc5
41. e6 Ra7 42. Kd2 Re7 43. Re3 Kd4 44. a4 c3+ 45. Rxc3 Rxe6 46. Ra3 Kc4 47. a5
Ra6 48. Ra1 Kd4 49. Ra4+ Kd5 50. Kc3 Kc5 51. Rc4+ Kd5 52. Kb4 Ra8 53. Rc5+ Kd4
54. Rc6 Ke3 55. Rxg6 Kxf3 56. Rg5 Kxf4 57. Rxh5 Kg4 58. Rg5+ Kf4 59. Kb5 Rh8
60. a6 Rxh4 61. Rg2 Kf3 62. Ra2 f4 63. a7 Rh8 64. Kc4 Ra8 65. Kd3 Rd8+ 66. Kc2
Ke2 67. a8=Q Rxa8 68. Rxa8 f3 69. Re8+ Kf1 70. Kd2 f2 71. Rf8 Kg2 72. Ke2 Kg1
73. Rxf2 Kh1 74. Kf3 Kg1 75. Ra2 1-0

[Event "Int. StuttgarterStadtmeisterschaft C"]
[Site "Ditzingen"]
[Date "2019.06.02"]
[Round "7.4"]
[White "Martin, Peter"]
[Black "Lin, Jean-Claude"]
[Result "1-0"]
[WhiteElo "1390"]
[BlackElo "1366"]
[PlyCount "77"]
[EventDate "2019.??.??"]
[WhiteTeam "SC Wittlich 1947"]
[BlackTeam "SC Sillenbuch"]

1. e4 e5 2. Nf3 Nf6 3. Nxe5 d6 4. Nf3 Nxe4 5. d3 Nf6 6. Nc3 Nc6 7. Be3 Be7 8.
d4 d5 9. Bb5 a6 10. Ba4 h6 11. Ne5 O-O 12. Nxc6 bxc6 13. Bxc6 Rb8 14. Rb1 Qd6
15. Ba4 c6 16. O-O Ng4 17. g3 g5 18. Qe2 f5 19. f3 Nxe3 20. Qxe3 f4 21. Qe5
fxg3 22. hxg3 Qxe5 23. dxe5 d4 24. Ne4 c5 25. Bb3+ Kg7 26. Bd5 a5 27. f4 g4 28.
b3 Bb7 29. Bxb7 Rxb7 30. f5 c4 31. f6+ Bxf6 32. exf6+ Kg6 33. bxc4 Rd7 34. Rbd1
Rdd8 35. c5 Rb8 36. Rxd4 Rb2 37. Rc4 Rxa2 38. c6 Rb2 39. c7 1-0

[Event "Int. StuttgarterStadtmeisterschaft C"]
[Site "Ditzingen"]
[Date "2019.06.02"]
[Round "7.5"]
[White "Volk, Emil"]
[Black "KÃ¤fer, Hermann"]
[Result "1/2-1/2"]
[WhiteElo "1219"]
[BlackElo "1337"]
[PlyCount "121"]
[EventDate "2019.??.??"]
[WhiteTeam "SC Grunbach"]
[BlackTeam "SC Ostfildern"]

1. d4 d5 2. c3 e6 3. e3 c5 4. f4 c4 5. Nf3 Nc6 6. b3 b5 7. g3 h6 8. Bg2 Nf6 9.
Ne5 Bb7 10. O-O Bd6 11. Nd2 O-O 12. Qe2 Qc7 13. e4 Rae8 14. Nxc6 Nxe4 15. Ne5
Nxc3 16. Qe3 b4 17. bxc4 Bxe5 18. Qxe5 Qxe5 19. fxe5 Ne2+ 20. Kh1 Nxd4 21. Rb1
a5 22. a3 Rb8 23. axb4 axb4 24. Rxb4 Nc6 25. Rb5 Nxe5 26. cxd5 Bxd5 27. Rxb8
Rxb8 28. Bxd5 exd5 29. Ba3 Rd8 30. Bb2 Nc6 31. Nf3 f6 32. Rd1 Kf7 33. Kg2 g5
34. Kf2 Kg6 35. Nd4 Nxd4 36. Rxd4 Rb8 37. Bc3 Rb5 38. Kf3 Kf5 39. g4+ Ke6 40.
Kg3 Rb3 41. Rd3 d4 42. Rxd4 Rxc3+ 43. Kf2 Ke5 44. Rb4 Rc5 45. Rb3 f5 46. gxf5
Kxf5 47. Rf3+ Kg6 48. Kg3 h5 49. Rd3 h4+ 50. Kg2 Kh5 51. Rd4 Rc3 52. h3 Rc8 53.
Rg4 Rf8 54. Kg1 Rf4 55. Rxf4 gxf4 56. Kf2 Kg5 57. Kg2 Kf5 58. Kf3 Ke5 59. Kf2
Ke4 60. Ke2 f3+ 61. Kf1 1/2-1/2

[Event "Int. StuttgarterStadtmeisterschaft C"]
[Site "Ditzingen"]
[Date "2019.06.02"]
[Round "7.6"]
[White "Hennicken, Arnold"]
[Black "Winterstein, Tim"]
[Result "1-0"]
[WhiteElo "1372"]
[BlackElo "1266"]
[PlyCount "71"]
[EventDate "2019.??.??"]
[WhiteTeam "SF Esch e. V."]
[BlackTeam "SV Dettingen Erms"]

1. d4 Nf6 2. c4 g6 3. Nc3 d5 4. e3 Bg7 5. Nf3 O-O 6. Be2 Bg4 7. O-O c5 8. Qb3
b6 9. Rd1 dxc4 10. Qxc4 Qc7 11. dxc5 Qxc5 12. Qxc5 bxc5 13. Bd2 Nbd7 14. Rac1
Rfc8 15. Be1 Rab8 16. b3 Rb6 17. h3 Be6 18. Na4 Rd6 19. Nb2 Nb6 20. Nd2 h5 21.
Nbc4 Nxc4 22. Bxc4 Bxc4 23. Nxc4 Rxd1 24. Rxd1 Rc7 25. f3 Nd7 26. Kf1 Nb6 27.
Rc1 Rd7 28. Ke2 Nd5 29. a3 Rb7 30. Rb1 Bc3 31. Bd2 Bxd2 32. Kxd2 Nb6 33. Na5
Rd7+ 34. Ke2 Nd5 35. Rc1 Nb6 36. Rxc5 1-0

[Event "Int. StuttgarterStadtmeisterschaft C"]
[Site "Ditzingen"]
[Date "2019.06.02"]
[Round "7.7"]
[White "Winterkorn, Nikolaus"]
[Black "Heel, Lorenzo"]
[Result "0-1"]
[WhiteElo "1358"]
[BlackElo "1146"]
[PlyCount "96"]
[EventDate "2019.??.??"]
[WhiteTeam "DJK Sportbund Stgt."]
[BlackTeam "SF Pfullingen"]

1. Nf3 Nf6 2. d4 g6 3. e3 Bg7 4. Bd3 O-O 5. Nbd2 d5 6. h3 b6 7. c4 Bb7 8. O-O
e6 9. Re1 Nbd7 10. b3 c5 11. Bb2 Rc8 12. Qc2 Qc7 13. cxd5 exd5 14. Rac1 Rfe8
15. Bb5 a6 16. Bxd7 Qxd7 17. Qd3 Ne4 18. Qe2 Qd6 19. Ba1 Re7 20. Nf1 Rec7 21.
Bb2 c4 22. bxc4 dxc4 23. N1h2 h5 24. g4 hxg4 25. Nxg4 c3 26. Ba1 Qd5 27. Ngh2
c2 28. a3 Bf8 29. Qd3 Qa2 30. d5 Qxd5 31. Qxd5 Bxd5 32. Bb2 Ba2 33. Re2 Bb1 34.
Ree1 Nc5 35. Nd2 Nd3 36. Nhf3 Nxb2 37. Rxb1 cxb1=Q 38. Rxb1 Rc1+ 39. Kg2 Rxb1
40. Nxb1 Rc1 41. Nbd2 Bxa3 42. Ne4 b5 43. Ne5 Nc4 44. Nd7 a5 45. Ng5 a4 46.
Nf6+ Kg7 47. Ne8+ Kf8 48. Nf6 Be7 0-1

[Event "Int. StuttgarterStadtmeisterschaft C"]
[Site "Ditzingen"]
[Date "2019.06.02"]
[Round "7.8"]
[White "Lang, Justus"]
[Black "BalÃ³, Levente"]
[Result "0-1"]
[WhiteElo "1305"]
[BlackElo "1251"]
[PlyCount "68"]
[EventDate "2019.??.??"]
[WhiteTeam "SK e4 Gerlingen"]
[BlackTeam "SK Sachsenheim"]

1. e4 d6 2. d4 Nf6 3. Nc3 g6 4. Nf3 Bg7 5. Bc4 O-O 6. h3 a6 7. O-O b5 8. Bd3
Bb7 9. d5 c6 10. dxc6 Nxc6 11. Re1 Nd7 12. Rb1 Rb8 13. Be3 Nde5 14. Nxe5 Nxe5
15. Qd2 Re8 16. Bh6 Bh8 17. Rbd1 Bc8 18. Qe3 Be6 19. Ne2 Bc4 20. b3 Bxd3 21.
cxd3 Qa5 22. d4 Nc6 23. h4 e5 24. dxe5 dxe5 25. h5 Rbd8 26. Rxd8 Qxe1+ 27. Kh2
Rxd8 28. Qf3 Rd1 29. Ng3 Nd4 30. Qg4 Qg1+ 31. Kh3 Ne6 32. Nf5 Nf4+ 33. Qxf4
Qh1+ 34. Kg4 Qxh5+ 0-1

[Event "Int. StuttgarterStadtmeisterschaft C"]
[Site "Ditzingen"]
[Date "2019.06.02"]
[Round "7.9"]
[White "Wolff, Calvin"]
[Black "Laun, Hauke"]
[Result "0-1"]
[WhiteElo "1181"]
[BlackElo "1299"]
[PlyCount "84"]
[EventDate "2019.??.??"]
[WhiteTeam "Heilbronner SV"]
[BlackTeam "SF Pfullingen"]

1. e4 e5 2. Nf3 Nc6 3. Bc4 Bc5 4. d3 Nf6 5. Bg5 h6 6. Bh4 g5 7. Bg3 d6 8. c3
Bg4 9. Nbd2 Qe7 10. Qb3 Bb6 11. Bd5 Nxd5 12. exd5 Na5 13. Qa4+ Bd7 14. Qa3 c5
15. b4 c4 16. bxa5 Bc5 17. Qb2 Rb8 18. O-O cxd3 19. a6 b6 20. Nd4 f5 21. f3 Qf7
22. Rfe1 Qxd5 23. Bf2 O-O 24. N4b3 Bxf2+ 25. Kxf2 Bc6 26. c4 Qf7 27. Qa3 Rbd8
28. Re3 e4 29. Nd4 f4 30. Nxc6 fxe3+ 31. Kxe3 Qf4+ 32. Kf2 Qxd2+ 33. Kg1 exf3
34. gxf3 Qe3+ 35. Kh1 Qxf3+ 36. Kg1 Qxc6 37. Qxd3 Rf6 38. Qb3 Qc5+ 39. Kh1 Rdf8
40. Qd3 Qe5 41. Qd5+ Qxd5+ 42. cxd5 Rf1+ 0-1

[Event "Int. StuttgarterStadtmeisterschaft C"]
[Site "Ditzingen"]
[Date "2019.06.02"]
[Round "7.11"]
[White "Skottke, Oliver"]
[Black "Motzer, Eric"]
[Result "0-1"]
[WhiteElo "1439"]
[BlackElo "1249"]
[PlyCount "82"]
[EventDate "2019.??.??"]
[WhiteTeam "TSF Ditzingen"]
[BlackTeam "SF Nabern"]

1. b4 e6 2. Bb2 Nf6 3. b5 c6 4. a4 cxb5 5. axb5 d5 6. e3 Bd7 7. Nf3 Bd6 8. Be2
O-O 9. O-O Re8 10. d4 Qb6 11. Ba3 Bxa3 12. Nxa3 Ne4 13. c4 Qc7 14. Qb3 f6 15.
cxd5 Kh8 16. b6 Qxb6 17. Qxb6 axb6 18. dxe6 Rxe6 19. Nb5 Rxa1 20. Rxa1 Na6 21.
d5 Re8 22. Nbd4 Nac5 23. Bb5 Bxb5 24. Nxb5 g6 25. Nfd4 Rd8 26. f3 Nd6 27. Nxd6
Rxd6 28. e4 f5 29. e5 Rxd5 30. e6 Re5 31. Ra8+ Kg7 32. Re8 Kf6 33. g4 fxg4 34.
fxg4 Nxe6 35. Nxe6 Rxe6 36. Rf8+ Ke7 37. Rf2 b5 38. Rc2 Kd6 39. Kf2 Kd5 40. Kf3
b4 41. Rc7 Rb6 0-1

[Event "Int. StuttgarterStadtmeisterschaft C"]
[Site "Ditzingen"]
[Date "2019.06.02"]
[Round "7.12"]
[White "SchÃ¤fer, Helmut"]
[Black "SchrÃ¶der, Martin"]
[Result "0-1"]
[WhiteElo "1215"]
[BlackElo "1378"]
[PlyCount "176"]
[EventDate "2019.??.??"]
[WhiteTeam "TSV MÃ¼nchingen"]
[BlackTeam "SK Heidenheim"]

1. e4 c5 2. Nf3 Nc6 3. b3 Nf6 4. d3 d6 5. Bb2 e5 6. c4 Bg4 7. Be2 g6 8. Nfd2
Bxe2 9. Qxe2 Nd4 10. Qd1 Bh6 11. Nf3 O-O 12. Bxd4 cxd4 13. b4 b6 14. a4 Qc7 15.
Nbd2 Nd7 16. Nb3 a5 17. b5 Nf6 18. O-O Qc8 19. h3 Nh5 20. Nh2 Nf4 21. Qf3 Qd8
22. Nc1 f5 23. Ne2 Ne6 24. exf5 Rxf5 25. Qd5 Kf7 26. Ng3 Rf4 27. Ne4 Ke7 28.
Qb7+ Nc7 29. Qxb6 Bf8 30. Ng4 h5 31. Ngf6 Rxf6 32. Nxf6 Kxf6 33. Qc6 Ne6 34.
Rab1 Nc5 35. Qf3+ Kg7 36. Ra1 Rb8 37. Rfb1 Rb6 38. Kf1 Be7 39. Ke2 Qf8 40.
Qxf8+ Kxf8 41. f3 Bg5 42. g3 Be3 43. h4 Kg7 44. Rf1 Nb3 45. Rad1 Rb7 46. f4 Nc5
47. f5 Nxa4 48. f6+ Kf7 49. Ra1 Nc3+ 50. Ke1 a4 51. Rf3 Bh6 52. Rf2 Ke6 53. Kf1
Kf7 54. Kg2 Bf8 55. Kh3 d5 56. g4 hxg4+ 57. Kxg4 a3 58. h5 gxh5+ 59. Kxh5 dxc4
60. dxc4 Ne4 61. Rc2 Bc5 62. Rg2 Nxf6+ 63. Kg5 Ke6 64. Kg6 Ne4 65. Rg4 Nc3 66.
Kh5 a2 67. Rg6+ Kd7 68. Rg7+ Kc8 69. Rg8+ Kc7 70. Rg7+ Kb6 71. Rg6+ Ka5 72. Re6
e4 73. Rc6 Kb4 74. Ra6 Kxc4 75. R6xa2 Nxa2 76. Rxa2 Rxb5 77. Kg4 d3 78. Kf4 Kd4
79. Ra4+ Rb4 80. Ra2 Bd6+ 81. Kf5 e3 82. Ke6 Bf4 83. Kf5 Kc3 84. Ra3+ Rb3 85.
Ra6 Rb4 86. Rc6+ Rc4 87. Rxc4+ Kxc4 88. Kxf4 e2 0-1

[Event "Int. StuttgarterStadtmeisterschaft C"]
[Site "Ditzingen"]
[Date "2019.06.02"]
[Round "7.13"]
[White "Burkert, Rolf"]
[Black "Hilger, Herbert"]
[Result "1/2-1/2"]
[WhiteElo "1206"]
[BlackElo "1303"]
[PlyCount "47"]
[EventDate "2019.??.??"]
[WhiteTeam "SK e4 Gerlingen"]
[BlackTeam "SV Stuttgart-Wolfbusch"]

1. d4 d5 2. Nf3 Nf6 3. e3 e6 4. Bd3 c5 5. c3 Nc6 6. Nbd2 Bd7 7. O-O cxd4 8.
exd4 Bd6 9. Re1 h6 10. Nf1 Qc7 11. g3 O-O-O 12. a4 Na5 13. Ne5 Rhf8 14. Nxd7
Nxd7 15. Bd2 Nc4 16. Bxc4 Qxc4 17. Ne3 Qc6 18. b4 Bc7 19. Qb3 b6 20. b5 Qb7 21.
Nc2 Bd6 22. c4 dxc4 23. Qxc4+ Qc7 24. Qxc7+ 1/2-1/2

[Event "Int. StuttgarterStadtmeisterschaft C"]
[Site "Ditzingen"]
[Date "2019.06.02"]
[Round "7.14"]
[White "Wilczek, Daniel"]
[Black "Eid, Sami"]
[Result "1-0"]
[WhiteElo "1286"]
[BlackElo "1189"]
[PlyCount "76"]
[EventDate "2019.??.??"]
[WhiteTeam "SV Backnang"]
[BlackTeam "SF Freiberg"]

1. d4 d5 2. e3 Nf6 3. Bd3 Nc6 4. c3 g6 5. f4 Bg7 6. Nf3 O-O 7. Ne5 Nxe5 8. fxe5
Ne4 9. Nd2 Nxd2 10. Bxd2 e6 11. O-O b6 12. Qg4 Bb7 13. Be1 Bh6 14. Rf3 Qg5 15.
Qh3 Bg7 16. Bh4 Qh6 17. Qg3 c5 18. Bg5 Qh5 19. Be2 h6 20. Be7 g5 21. Bxf8 Rxf8
22. Bd3 c4 23. Bc2 g4 24. Rf4 f6 25. exf6 Rxf6 26. Rxf6 Bxf6 27. Qb8+ Kg7 28.
Qxb7+ Qf7 29. Qxf7+ Kxf7 30. Rf1 Ke7 31. b3 b5 32. bxc4 bxc4 33. Rb1 a5 34.
Rb7+ Kd6 35. Ra7 Bd8 36. Bg6 Kc6 37. Ra6+ Kb5 38. Rxe6 Ka4 1-0

[Event "Int. StuttgarterStadtmeisterschaft C"]
[Site "Ditzingen"]
[Date "2019.06.02"]
[Round "7.15"]
[White "Rodewald, Colin"]
[Black "Konz, Andreas"]
[Result "0-1"]
[WhiteElo "1157"]
[BlackElo "1273"]
[PlyCount "86"]
[EventDate "2019.??.??"]
[WhiteTeam "TSV Denkendorf"]
[BlackTeam "SC Ingersheim e.V."]

1. Nf3 d6 2. g3 e5 3. Nc3 Ne7 4. e3 Bg4 5. Be2 Bxf3 6. Bxf3 c6 7. d4 Qc7 8.
dxe5 dxe5 9. b3 Nd7 10. Bb2 Ng6 11. Na4 Be7 12. Qe2 Qa5+ 13. Kf1 O-O 14. Kg2
Rad8 15. Rhd1 f5 16. Bc3 Bb4 17. Bxb4 Qxb4 18. Rd2 e4 19. Qc4+ Qxc4 20. bxc4
exf3+ 21. Kg1 Nde5 22. Rad1 Rxd2 23. Rxd2 Nxc4 24. Rd4 b5 25. Nc5 Rf6 26. Nb7
Rf7 27. Nc5 Na3 28. c3 a5 29. Kf1 Ne5 30. e4 Nac4 31. h3 b4 32. cxb4 axb4 33.
Na6 Rd7 34. Rxd7 Nxd7 35. Nxb4 c5 36. Nd5 fxe4 37. Ke1 Kf7 38. Nc3 Nf6 39. a4
Ke6 40. g4 Ke5 41. Nb5 Nd7 42. Kd1 Ndb6 43. Kc1 Nxa4 0-1

[Event "Int. StuttgarterStadtmeisterschaft C"]
[Site "Ditzingen"]
[Date "2019.06.02"]
[Round "7.16"]
[White "Erhardt, Daniel"]
[Black "Gavagan, Thomas"]
[Result "1-0"]
[WhiteElo "1264"]
[BlackElo "984"]
[PlyCount "51"]
[EventDate "2019.??.??"]
[WhiteTeam "Schach-Kids Bernhausen e.V."]
[BlackTeam "SK Wernau"]

1. e4 d6 2. c4 Nf6 3. Nc3 e5 4. g3 Nc6 5. Bg2 Be7 6. Nge2 O-O 7. d3 Bg4 8. O-O
Nd4 9. f3 Nxe2+ 10. Qxe2 Be6 11. f4 Bg4 12. Qd2 h6 13. f5 Nd7 14. h3 Bh5 15. g4
Bxg4 16. hxg4 d5 17. Nxd5 Bc5+ 18. Ne3 Qh4 19. Rf3 Nf6 20. Kf1 Rad8 21. Rh3 Qg5
22. Qe2 Nxg4 23. Nxg4 Qe7 24. Nxh6+ gxh6 25. Qg4+ Kh7 26. Rxh6# 1-0

[Event "Int. StuttgarterStadtmeisterschaft C"]
[Site "Ditzingen"]
[Date "2019.06.02"]
[Round "7.17"]
[White "Herbst, Karin"]
[Black "Eid, Noah"]
[Result "1-0"]
[WhiteElo "1410"]
[BlackElo "984"]
[PlyCount "67"]
[EventDate "2019.??.??"]
[WhiteTeam "Zentrumsbauer Stuttgart"]
[BlackTeam "SF Freiberg"]

1. c4 e5 2. Nc3 Bb4 3. Nf3 Nc6 4. e4 Nf6 5. a3 Bxc3 6. bxc3 Nxe4 7. Qc2 Nf6 8.
d3 d6 9. Bg5 h6 10. Bh4 Bf5 11. Nd2 g5 12. Bg3 h5 13. f3 Qd7 14. Bf2 b6 15. Be3
Rg8 16. g3 g4 17. Bg2 d5 18. cxd5 Nxd5 19. Bf2 f6 20. Rd1 Be6 21. O-O f5 22.
Rfe1 Qd6 23. Nc4 Qd7 24. Nxe5 Nxe5 25. Rxe5 Qd6 26. Rde1 Rg6 27. f4 Kd7 28. c4
Ne7 29. Bxa8 c6 30. c5 bxc5 31. Bxc5 Qb8 32. Bxe7 Kxe7 33. Qxc6 Qg8 34. d4 1-0

[Event "Int. StuttgarterStadtmeisterschaft C"]
[Site "Ditzingen"]
[Date "2019.06.02"]
[Round "7.18"]
[White "DÃ¶rr, Florian"]
[Black "Wohlgemuth, Wolfgang"]
[Result "1/2-1/2"]
[WhiteElo "1493"]
[BlackElo "1123"]
[PlyCount "60"]
[EventDate "2019.??.??"]
[WhiteTeam "SC Ostfildern"]
[BlackTeam "TG Biberach"]

1. e3 c5 2. b3 d6 3. Bb2 e5 4. Be2 Nc6 5. c4 g6 6. Nf3 Bg7 7. d3 Nge7 8. O-O
O-O 9. Ne1 Be6 10. Nd2 a5 11. f4 Nf5 12. Nc2 Qb6 13. Rb1 Nb4 14. Rf3 Nh4 15.
Rf2 Qc6 16. Bf3 d5 17. Nxb4 axb4 18. Bxe5 Bxe5 19. fxe5 Rxa2 20. Qe1 Qc7 21.
Bxd5 Bxd5 22. cxd5 Qxe5 23. e4 Qd4 24. Kh1 Rfa8 25. Rf1 Qxd3 26. Qxh4 Qxd2 27.
Qg4 Qd4 28. Qf3 Rf8 29. Rbd1 Rd2 30. Rxd2 Qxd2 1/2-1/2

[Event "Int. StuttgarterStadtmeisterschaft C"]
[Site "Ditzingen"]
[Date "2019.06.02"]
[Round "7.19"]
[White "Herbert, Arik Jens"]
[Black "Bitzel, Hubert"]
[Result "1-0"]
[WhiteElo "1022"]
[BlackElo "1459"]
[PlyCount "107"]
[EventDate "2019.??.??"]
[WhiteTeam "SC Feuerbach e. V."]
[BlackTeam "TSF Ditzingen"]

1. e4 e5 2. Nf3 d5 3. d3 Bd6 4. Nc3 d4 5. Nb5 f5 6. exf5 Bxf5 7. Qe2 Qe7 8. Bd2
Nf6 9. c3 O-O 10. cxd4 e4 11. Nh4 Bd7 12. Nxd6 cxd6 13. dxe4 Nxe4 14. Nf3 Bb5
15. Qe3 Bxf1 16. Rxf1 Re8 17. O-O-O d5 18. Rfe1 Na6 19. Kb1 Qd6 20. Qb3 Kh8 21.
Qxb7 Rab8 22. Qf7 Re7 23. Qh5 Reb7 24. b3 Qa3 25. Re3 Qd6 26. Ng5 Qg6 27. Qxg6
hxg6 28. Nxe4 dxe4 29. Rc1 Rf7 30. Be1 Re8 31. Rc6 Rf6 32. Rc4 Rd6 33. f3 Rde6
34. d5 Re5 35. fxe4 Rxd5 36. exd5 Rxe3 37. Bf2 Re2 38. Bxa7 Kg8 39. a3 Kf7 40.
Rc6 Re1+ 41. Kc2 Nb4+ 42. axb4 Re7 43. Bd4 Rd7 44. d6 Ke6 45. Bc5 Kd5 46. Rc7
Ke6 47. b5 Rxc7 48. dxc7 Kd7 49. b6 Kc8 50. Kc3 Kb7 51. Kb4 g5 52. Kb5 g4 53.
c8=Q+ Kxc8 54. Kc6 1-0